MDQL
is popping MORE tags! Check the
thread
!
Quizzes
Events
Quiz Creation
Community
Videos
Private Events
Remove Ads
Sign In
Join for FREE
Feedback
Dark Mode
Quiz Categories
Sports
Geography
Music
Movies
Television
Just For Fun
Miscellaneous
History
Literature
Language
Science
Gaming
Entertainment
Religion
Holiday
For Kids
Quiz Lab
Recent
Popular Today
Quiz Kudos Today
Editor Picks
Curator Picks
Quizzes by...
Day
Popularity
Type
Ratings
Length
Year
Community
Subscriptions
Recent Discussions
Orange Saloon
Badges
Playlists
Quests
Create
Leaderboards
Showdown
Live 5
Trivia Bingo
Activity
Puzzle Library
Sporcle Events
Private Events
Virtual Trivia
Globe League
Become a Host
Pub Owners
SporcleCon
Opinionation
Our Games
Videos
Blog
Mobile Apps
Partnerships
Remove Ads and Go Orange
Feedback
History
US Presidents
World Leaders
Politics
Nation
Discovery
War
Decade
Year
Century
Biography
Art
History
US Presidents
World Leaders
Politics
Nation
Discovery
War
Decade
Year
Century
Biography
Art
Random Quiz
Search Sporcle
×
Quiz Lab
Quiz Lab
History
State
Type in answers that appear in a list
Type in answers that appear in a list
Classic
Best Score? Go Orange.
States Carried By 1952 Candidates Stats
Can you name the states that were carried by the 1952 presidential candidates?
By
SMFAussieRobbo
15m
48 Questions
89 Plays
89 Plays
89 Plays
Comments
Comments
Give Quiz Kudos
Give Quiz Kudos
-
- Ratings
hide this ad
Forced Order
Answers have to be entered in order
Answers have to be entered in order
Replay
Link that replays current quiz
Next Quiz
Link to next quiz in quiz playlist
You Got
0%
They Got
Avg Score
90%
Avg Friend Score
Upgrade to see
Score Distribution
Jump to the score distribution portion of the page
Score
0/48
Timer
15:00
0
Plays Today
Popular Vote Percentage
State
% Correct
69.66%
Georgia
98.9%
71.45%
Vermont
96.6%
69.15%
Nebraska
95.5%
70.97%
North Dakota
95.5%
69.27%
South Dakota
95.5%
64.55%
Alabama
94.4%
68.77%
Kansas
94.4%
60.44%
Mississippi
94.4%
65.42%
Idaho
93.3%
66.05%
Maine
93.3%
60.92%
New Hampshire
93.3%
62.71%
Wyoming
93.3%
55.90%
Arkansas
92.1%
60.27%
Colorado
92.1%
63.75%
Iowa
92.1%
59.39%
Montana
92.1%
61.45%
Nevada
92.1%
60.54%
Oregon
92.1%
58.93%
Utah
92.1%
60.95%
Wisconsin
92.1%
58.35%
Arizona
91%
56.83%
California
91%
55.70%
Connecticut
91%
54.99%
Florida
91%
Popular Vote Percentage
State
% Correct
58.11%
Indiana
91%
55.36%
Maryland
91%
55.44%
Michigan
91%
55.33%
Minnesota
91%
56.81%
New Jersey
91%
55.39%
New Mexico
91%
55.45%
New York
91%
56.76%
Ohio
91%
56.32%
Virginia
91%
53.91%
North Carolina
89.9%
54.22%
Massachusetts
88.8%
54.33%
Washington
88.8%
54.84%
Illinois
87.6%
54.59%
Oklahoma
87.6%
50.72%
South Carolina
86.5%
52.92%
Louisiana
85.4%
53.13%
Texas
85.4%
51.75%
Delaware
84.3%
49.91%
Kentucky
84.3%
50.71%
Missouri
84.3%
52.74%
Pennsylvania
84.3%
50.89%
Rhode Island
84.3%
49.99%
Tennessee
84.3%
51.92%
West Virginia
84.3%
Quiz Playlist
Details
Report
Send in Message
Add To Playlist
Classic:
Type in answers that appear in a list
Forced Order:
Answers have to be entered in order
Last Updated: May 7, 2017
Quiz Scoreboard
CHALLENGE
Sign Up to Join the Scoreboard
Show All
Scores
Hide
Comments
May contain spoilers
Recently Published
Colored Red Africa Blitz
by spor1
Geography
30s
Find the 'City' Movie
by crazypaving
Movies
60s
5x2 Blitz: Bands
by SL_Kpop136
Music
30s
More to Explore
Quiz From the Vault
Featured Blog Post
14 Easter Pick-up Lines to Find Eggs With
hide this ad
You Might Also Like...
Tags
Popular Quiz
State Quiz
1952
candidate
election
Percentage
Vote
Today's Top Quizzes in History
Browse History
hide this ad
Today's Top Quizzes in State
Browse State
Top Contributed Quizzes in History
1
Popular People in 1991
2
US National Parks Named After People
3
Order Up: 1000 Years of World Events I
4
Popular People in 1981
5
Popular People in 1951
6
Popular People in 1941
7
Popular People in 1986
8
Popular People in 1921
9
Popular People in 1976
10
Magic 10 Blitz: U.S. Presidents
Explore More
Trending Topics
Disney
Marvel
NBA
Harry Potter
Crossword
Kpop
Anime
Pokémon
Country
Soccer
WWE
Puzzle
Song
The Office
NFL
hide this ad
More By:
SMFAussieRobbo
Quiz
Plays
Rating
Category
Featured
Created
Most Republican State In Each Election
174
5.00
History
Jan 24, 2017
Last Time Each State Voted Dem. And Rep. (2016)
163
4.00
History
Dec 25, 2016
Most Democratic State In Each Election
159
3.67
History
Jan 23, 2017
States Carried By 1972 Candidates
117
History
Apr 23, 2017
Who Carried California In Each Election?
117
5.00
History
Jan 29, 2017
Go to Creator's Profile
Score Distribution
Quiz Creator Spotlight
SMFAussieRobbo
Follow
Send a Message
Quizzes Created
-
Created Quiz Play Count
-
More By This Creator
Popular Quizzes Today
1
Find the 'City' Movie
2
Colored Red Africa Blitz
3
Find the US States - No Outlines Minefield
4
5x2 Blitz: Bands
5
The Countries of the World
6
Find the US States
7
US States
8
9x9 Crossword: Cartoon Network
More History Quizzes
World Leaders in 2000
Published
Trending Quizzes
Colored Red Europe Blitz I
Colored Red Africa Blitz II
Colored Red Europe Blitz II
Colored Red Africa Blitz III
Colored Red Europe Blitz III
Recently Updated
2024 March Madness Bracket
pecheneg
Famous TV Couples
Peacemaker
Champions League XIs: Real Madrid
pecheneg
Largest US Cities 1790-2010
pecheneg
Rides in Walt Disney World
pecheneg
Most Oscar Losses (Acting)
pecheneg
Beyoncé Albums
pecheneg
Leaping Animals
pecheneg
Reality TV Shows (A-Z)
bhenderson79
Rickey Henderson's Hall of Fame Teammates
pecheneg
Trending Topics
Anime
Harry Potter
NBA
Marvel
Crossword
Disney
Kpop
Country
WWE
NFL
Soccer
The Office
Song
Pokémon
Puzzle
Your Account Isn't Verified!
In order to create a playlist on Sporcle, you need to verify the email address you used during registration. Go to your
Sporcle Settings
to finish the process.
Report this User
Report this user for behavior that violates our
Community Guidelines
.
Details:
Send Report
Go to the Sporcle.com Mobile Site →
Comments